000 00692nam a2200229Ia 4500
003 OSt
005 20220928123828.0
006 a|||||r|||| 00| 0
007 ta
008 220927b |||||||| |||| 00| 0 eng d
024 _a44432
037 _cTextual
040 _aSDCL
_cSDCL
_beng
041 _2eng
_aeng
082 _aX9:75.3'N73t, L3
100 _agerat Britain, Nationalised Industries (Select Comm. On )
_9461703
245 0 _aFirst report
260 _aLondon
_bHer Majesty's Stationery
_c1973
300 _axlviii,361p
_ccm.
942 _hX9:75.3'N73t, L3
_cTEXL
_2CC
999 _c774707
_d774707